00366pab a2200133 454500008004000000100002600040245006500066260000900131300001600140362001000156650002000166650001200186773003400198180718b2006 xxu||||| |||| 00| 0 eng d aPadmanabhan, Sudarsan aDebate on Indian history: revisiting textbooks in California c2006 ap.1761-763. a6 May aIndia - History aHistory aEconomic and Political Weekly